banner koha

Aspectos sociais dos reflorestamentos com incentivos finais no Estado de Minas Gerais, Brasil (Registro n. 319337)

MARC details
000 -LÍDER
campo de controle de tamanho fixo 01376naa a22003017a 4500
001 - NÚMERO DE CONTROLE
campo de controle BR8803444
003 - IDENTIFICADOR DO NÚMERO DE CONTROLE
campo de controle BR-BrBNA
005 - DATA E HORÁRIO DA ÚLTIMA TRANSAÇÃO
campo de controle 20240918180150.0
007 - CAMPO FIXO DE DESCRIÇÃO FÍSICA--INFORMAÇÃO GERAL
campo de controle de tamanho fixo ta
008 - CAMPO DE DADOS FIXOS--INFORMAÇÃO GERAL
campo de controle de tamanho fixo 230509b bl.||||| |||| 00| 0 por d
040 ## - FONTE DA CATALOGAÇÃO
Instituição da catalogação original BR-BrBNA
Idioma da catalogação por
Instituição que transcreveu o registro Biblioteca Nacional de Agricultura
041 ## - CÓDIGO DE IDIOMA
Código do idioma do texto/trilha sonora ou título diferente (Pt)
072 ## - CÓDIGO DE CATEGORIA DE ASSUNTO
Código de Categoria de Assunto K10; E13
Código do objeto /G514
090 ## - NÚMERO DE CHAMADA LOCAL
Número de chamada K10 BR8803444
100 1# - ENTRADA PRINCIPAL--NOME PESSOAL
Nome pessoal Ladeira, H.P.
111 1# - ENTRADA PRINCIPAL--NOME DO EVENTO
Nome do evento ou lugar Simposio Florestas Plantadas nos Neotropicos como Fonte de Energia
Local do evento Vicosa, MG (Brazil)
Data do evento ou assinatura do tratado 6-13 Feb 1983
245 1# - TÍTULO
Título Aspectos sociais dos reflorestamentos com incentivos finais no Estado de Minas Gerais, Brasil
246 1# - FORMA VARIANTE DO TÍTULO
Título/título abreviado [Social aspects of tax exempted reflorestation programs in the state of Minas Gerais, Brasil]
246 1# - FORMA VARIANTE DO TÍTULO
Título/título abreviado [Tropical forests as energy sources]
260 3# - PUBLICAÇÃO, DISTRIBUIÇÃO, ETC.
Local de publicação, distribuição, etc. Vicosa, MG (Brasil):
Nome do editor, distribuidor, etc. 1983,
Data da publicação, distribuição, etc. 1983.
500 ## - NOTA GERAL
Nota geral Barros, N.F. de (ed.)<br/>Florestas plantadas nos neotropicos como fonte de energia. Anais do simposio<br/>Vicosa, MG (Brasil): 1983, 1983. p. 326-347<br/>(BR8803444-AM)K10<br/>
650 ## - ASSUNTO--TERMO TÓPICO
Cabeçalho tópico ou nome geográfico REFLORESTAMENTO
650 ## - ASSUNTO--TERMO TÓPICO
Cabeçalho tópico ou nome geográfico INCENTIVO FISCAL
650 ## - ASSUNTO--TERMO TÓPICO
Cabeçalho tópico ou nome geográfico MINAS GERAIS
773 0# - ENTRADA ANALÍTICA
Título Florestas plantadas nos neotropicos como fonte de energia. Anais do simposio
Entrada principal Barros, N.F. de (ed.). Universidade Federal de Vicosa, MG (Brasil)
Número de controle do registro K10 BR8803444
Partes relacionadas Vicosa, MG (Brasil), 1983. p. 326-347
909 ## -
-- 202404
-- Lucia
-- 55
-- Lucia Elande
942 ## - ELEMENTOS DE ENTRADA ADICIONADOS (KOHA)
Tipo de material Koha Capítulo-Livro
Fonte da classificação ou esquema de arquivamento na estante Classificação AGRIS
Exemplares
Situação do descarte Fonte da classificação ou esquema de arquivamento na estante Situação física Não pode ser emprestado Coleção Biblioteca de origem Biblioteca atual Localização na estante Total de empréstimos Número de telefone completo Data de último acesso Número do exemplar Tipo de material Koha Situação das perdas Data de aquisição Fonte de aquisição
  Classificação AGRIS       Biblioteca Nacional de Agricultura - Binagri Biblioteca Nacional de Agricultura - Binagri Agrobase - Acervo Geral   K10 BR8803426 20/05/2024 01 Capítulo-Livro   2024-04-11 Portaria Interministerial nº 164/94

BINAGRI

Telefone: (61)3218-2567/2388/3357/2097 - binagri@agro.gov.br

Ministério da Agricultura e Pecuária , Esplanada dos Ministérios, Bloco D, Anexo B, Brasília/DF, CEP: 70.043-900